01498nam a2200421 i 450000100060000000300080000600500170001400600190003100700150005000800410006502000180010602000270012403500230015103500240017403500250019803500210022304000310024405000220027508000100029708200140030710000350032124501280035626400390048430000410052333600310056433700330059533800430062849000390067150400290071058801270073965000130086665000290087965000130090865000250092165500270094683000410097385600620101456660FlNmELB20241216232848.0m o d | cr cnu||||||||170215s2016 sp ob 000 0 spa d z9788491164333 a9788491164340 (e book) a(MiAaPQ)EBC4760733 a(Au-PeEL)EBL4760733 a(CaPaEBR)ebr11312712 a(OCoLC)984796137 aFINmELBbspaerdacFINmELB 4aLB1050bG215 2016 a028.10 a428.42231 aGarcía-Rodríguez, Araceli.10aLectura digital infantil :bdispositivos, aplicaciones y contenidos /cAraceli García-Rodríguez, Raquel Gómez-Díaz. 1aBarcelona :bEditorial UOC,c2016. a1 recurso en línea (130 páginas) atextobtxt2rdacontent/spa acomputadorabc2rdamedia/spa arecurso en líneabcr2rdacarrier/spa1 aEl profesional de la información aContiene bibliografía. aDescripción basada en recurso en línea; Título de la página del título en PDF (e-libro, visto Februar 15, 2017). 0aReading. 0aElectronic book readers. 4aLectura. 4aLibro electrónico. 4aLibros electrónicos. 0aprofesional de la información, El.40uhttps://elibro.net/ereader/politecnicointernacional/58569